[Event "AUTO-INT-1109"]
[Site "http://www.queenalice.com/game.php?id=561044"]
[Date "2009.3.24"]
[Round "2"]
[White "oscardias"]
[Black "QuinhoFogo"]
[Result "1-0"]
[WhiteElo "1736"]
[BlackElo "1537"]

1. d4 d6 2. e4 Nf6 3. Nc3 a6 4. Nf3 Nc6 5. Bg5 Bg4 6. Be2 d5 7. e5 Bxf3 8. Bxf3
h6 9. Bf4 g5 10. exf6 exf6 11. Qe2+ Be7 12. Bd2 Nxd4 13. Qd1 c6 14. O-O f5 15.
Bh5 g4 16. Bf4 Qd7 17. Qxd4 O-O-O 18. Qa7 Bd6 19. Bxd6 Qxd6 20. Bxf7 Rdf8 21.
Bh5 d4 22. Na4 g3 23. fxg3 d3 24. cxd3 Rh7 25. Qc5 Qxc5+ 26. Nxc5 Rg7 27. Ne6
Rgg8 28. Nxf8 Rxf8 29. Rae1 Kc7 30. Re7+ Kd8 31. Rxb7 Kc8 32. Rb6 Rf6 33. Re1
Kc7 34. Rxa6 f4 35. Rf1 Rf5 36. g4 Rf6 37. g3 f3 38. g5 hxg5 39. Rxf3 Rxf3 40.
Bxf3 c5 41. Rc6+ Kd7 42. Rxc5 g4 43. Bxg4+ Kd6 44. Rf5 1-0

[Event "AUTO-INT-1109"]
[Site "http://www.queenalice.com/game.php?id=561045"]
[Date "2009.3.24"]
[Round "2"]
[White "QuinhoFogo"]
[Black "oscardias"]
[Result "0-1"]
[WhiteElo "1554"]
[BlackElo "1744"]

1. e4 e5 2. Nf3 Nc6 3. Bc4 d6 4. d4 Bg4 5. h3 Bh5 6. g4 Bg6 7. dxe5 Nxe5 8. Nxe5
dxe5 9. Qxd8+ Rxd8 10. f3 Bc5 11. Nc3 Ne7 12. Bg5 Rd4 13. Bxe7 Bxe7 14. Bd5 c6
15. Bb3 O-O 16. Rd1 Rxd1+ 17. Nxd1 Bc5 18. a4 Rd8 19. a5 Kf8 20. h4 Bb4+ 21. c3
Bxa5 22. O-O f6 23. h5 Bf7 24. Bxf7 Kxf7 25. b4 Bb6+ 26. Kh1 g6 27. hxg6+ hxg6
28. c4 Rh8+ 29. Kg2 Bd4 30. Rh1 Rxh1 31. Kxh1 b6 32. b5 cxb5 33. cxb5 Ke6 34.
Kg2 Kd6 35. Nf2 Bxf2 36. Kxf2 Kc5 37. Kg3 Kxb5 38. f4 a5 39. fxe5 fxe5 40. Kh4
a4 41. Kg5 a3 42. Kxg6 a2 43. Kf5 a1=Q 44. g5 Qf1+ 45. Ke6 Qf4 46. Kd6 Qxe4 47.
Ke6 Qg6+ 48. Kxe5 Qxg5+ 49. Ke4 Qc5 50. Kf4 Ka5 51. Ke4 b5 52. Kf4 b4 0-1

[Event "AUTO-INT-1109"]
[Site "http://www.queenalice.com/game.php?id=561046"]
[Date "2009.3.24"]
[Round "2"]
[White "oscardias"]
[Black "Kabelosvic"]
[Result "1-0"]
[WhiteElo "1699"]
[BlackElo "1793"]

1. e4 d6 2. d4 Nf6 3. Nc3 g6 4. Nf3 Bg7 5. Bc4 Bg4 6. Bf4 O-O 7. h3 Bxf3 8. Qxf3
c6 9. O-O a5 10. e5 dxe5 11. Bxe5 Qb6 12. Ne4 Nxe4 13. Qxe4 Nd7 14. Bxg7 Kxg7
15. Qxe7 Nf6 16. Qe5 Rfe8 17. Qf4 Rad8 18. Rad1 Qxb2 19. Rfe1 Qxc2 20. d5 cxd5
21. Bb5 Re4 22. Qc1 Qxa2 23. Qc7 Rxe1+ 24. Rxe1 Rf8 25. Qxb7 Ne4 26. Qa7 Rc8 27.
Qd4+ Nf6 28. Ra1 Qc2 29. Rxa5 Qb1+ 30. Kh2 Rc1 31. Bd3 Rh1+ 32. Kg3 Qb8+ 33. Kf3
Qd8 34. Rb5 Re1 35. g4 h6 36. h4 Kh7 37. g5 Ne4 38. Rxd5 Nd2+ 39. Kg2 Qa8 40.
gxh6 Rg1+ 41. Kh3 Qc8+ 42. Rd7 Kxh6 43. Qf4+ g5 44. Qf6+ Kh5 45. Qxf7+ Kh6 46.
Qg6# 1-0

[Event "AUTO-INT-1109"]
[Site "http://www.queenalice.com/game.php?id=561047"]
[Date "2009.3.24"]
[Round "2"]
[White "Kabelosvic"]
[Black "oscardias"]
[Result "1-0"]
[WhiteElo "1784"]
[BlackElo "1701"]

1. e4 e5 2. f4 exf4 3. Nf3 Nc6 4. d4 Bd6 5. e5 Bb4+ 6. c3 Ba5 7. Bxf4 Nge7 8.
Bc4 h6 9. Bxf7+ Kxf7 10. O-O Nf5 11. Nbd2 d5 12. exd6 g5 13. Ne5+ Nxe5 14. Bxe5
Re8 15. Qh5+ Ke6 16. Rxf5 Kd5 17. Bf6+ Bxf5 18. Bxd8 Raxd8 19. Qxh6 cxd6 20.
Qxg5 Rf8 21. Rf1 1-0

[Event "QA-ANNIV-05"]
[Site "http://www.queenalice.com/game.php?id=604047"]
[Date "2009.6.15"]
[Round "1"]
[White "fredpoa"]
[Black "oscardias"]
[Result "1-0"]
[WhiteElo "1412"]
[BlackElo "1760"]

1. e4 e5 2. Bc4 Nf6 3. f3 d5 4. Bb5+ Bd7 5. Bxd7+ Qxd7 6. d3 Qc6 7. c3 Bc5 8.
Ne2 O-O 9. c4 d4 10. O-O Qb6 11. Qb3 a5 12. Qxb6 Bxb6 13. Na3 c6 14. b3 Nbd7 15.
Bd2 Nc5 16. Nc1 a4 17. Bb4 Ba5 18. Bxc5 Rfe8 19. b4 Bd8 20. g4 b6 21. Bd6 Re6
22. g5 Rxd6 23. gxf6 Rxf6 24. Ne2 Rg6+ 25. Ng3 Be7 26. Rab1 Bh4 27. Rb2 Bxg3 28.
hxg3 Rxg3+ 29. Rg2 Rxg2+ 30. Kxg2 1-0

[Event "Panga's game"]
[Site "http://www.queenalice.com/game.php?id=611629"]
[Date "2009.7.1"]
[Round "-"]
[White "roberto_falk"]
[Black "oscardias"]
[Result "1-0"]
[WhiteElo "1625"]
[BlackElo "1782"]

1. e4 e5 2. Nf3 Nc6 3. a3 d5 4. exd5 Qxd5 5. Nc3 Qd8 6. Bc4 Na5 7. Nxe5 Qe7 8.
d4 Nxc4 9. O-O Nxe5 10. dxe5 Qxe5 11. Re1 Bd6 12. Bf4 Qe7 13. Nd5 Qxe1+ 14.
Qxe1+ Kd8 15. Bxd6 cxd6 16. Qa5+ b6 17. Nxb6 axb6 18. Qxa8 Nf6 19. Rd1 d5 20.
Qc6 Re8 21. Qxb6+ Kd7 22. g4 Re6 23. Qa7+ Ke8 24. g5 Nh5 25. Qc7 Bd7 26. Rxd5
Nf4 27. Qxd7+ Kf8 28. Qd8+ Re8 29. Qd6+ Re7 30. Qxf4 Re1+ 31. Kg2 g6 32. Qf6 Re6
33. Qh8+ 1-0

[Event "SAP SL Chess III"]
[Site "http://www.queenalice.com/game.php?id=613391"]
[Date "2009.7.4"]
[Round "4"]
[White "oscardias"]
[Black "roberto_falk"]
[Result "1-0"]
[WhiteElo "1771"]
[BlackElo "1636"]

1. d4 d5 2. Nc3 Nf6 3. Bg5 e6 4. Nf3 Be7 5. e3 a6 6. Bd3 Bd6 7. a3 O-O 8. Bh4 h6
9. Ne5 Qe8 10. Bxf6 gxf6 11. Qg4+ Kh8 12. Qh5 fxe5 13. Qxh6+ Kg8 14. Qh7# 1-0

[Event "AUTO-OPEN-1648"]
[Site "http://www.queenalice.com/game.php?id=631363"]
[Date "2009.8.6"]
[Round "1"]
[White "cass"]
[Black "oscardias"]
[Result "0-1"]
[WhiteElo "1451"]
[BlackElo "1739"]

1. e4 d5 2. Qf3 Nf6 3. Nc3 Bg4 4. Qf4 e6 5. f3 Bh5 6. g4 Bd6 7. Qg5 Bg6 8. e5
Bxe5 9. Qxe5 Bxc2 10. d3 Nc6 11. Qe2 Nd4 12. Qe3 c5 13. Qe5 Ba4 14. Kd2 Qa5 15.
b3 Bxb3 16. g5 Nc6 17. Qd6 d4 18. Ne2 dxc3+ 19. Nxc3 c4 20. Rb1 Rd8 21. Qf4 Bxa2
22. Ra1 Nb4 23. gxf6 Nxd3 24. Rxa2 Nxf4+ 25. Kc2 Qf5+ 26. Kb2 Qxf6 27. Bxc4 O-O
28. Kb3 a6 29. Re1 b5 30. Ne4 bxc4+ 31. Kxc4 Qd4+ 32. Kb3 Rb8+ 33. Ka3 Qb4# 0-1

[Event "AUTO-OPEN-1648"]
[Site "http://www.queenalice.com/game.php?id=631364"]
[Date "2009.8.6"]
[Round "1"]
[White "oscardias"]
[Black "cass"]
[Result "1-0"]
[WhiteElo "1737"]
[BlackElo "1344"]

1. e4 e5 2. Nf3 d6 3. Bc4 Qf6 4. d3 Qg6 5. Ng5 Be6 6. Nxe6 fxe6 7. Nc3 Qxg2 8.
Rf1 Ke7 9. Nb5 Kd7 10. Bxe6+ Kc6 11. c4 a6 12. Qa4 Qg6 13. Nd4+ Kc5 14. Nb3+ Kb6
15. Be3+ c5 16. Qa5+ Ka7 17. Bxc5+ dxc5 18. Nxc5 b6 19. Qa4 bxc5 20. Bd5 Qh5 21.
Bxa8 Kxa8 22. Qa5 Qxh2 23. Qc7 Qh3 24. Rd1 Be7 25. Qxe5 Qg4 26. Qd5+ Ka7 27. b4
Nf6 28. Qe5 Nc6 29. Qc7+ Ka8 30. Qxc6+ Kb8 31. Qb6+ Kc8 32. Qxa6+ Kd7 33. Rd2
cxb4 34. Rb2 Qf4 35. a3 Qc1+ 36. Ke2 Qxb2+ 37. Kf3 Rf8 38. Qb5+ Ke6 39. Qc6+ Bd6
40. axb4 Nh5+ 41. Ke3 Rf4 42. Qd5+ Kd7 43. Qxh5 Be5 44. Qh3+ Ke7 45. f3 g5 46.
Qxh7+ Ke6 47. Qg6+ Kd7 48. Qxg5 Qd4+ 49. Ke2 Qd6 50. c5 Qd4 51. Rf2 Kc6 52. Qg6+
Kb5 53. Qb6+ Ka4 54. Qa6+ Kb3 55. Qe6+ Kc3 56. Qc4+ Qxc4 57. dxc4 Kxc4 58. Ke3
Kxb4 59. c6 Kc5 60. Rc2+ Kb6 61. c7 Bxc7 62. Rxc7 Kxc7 63. Kxf4 Kd7 64. e5 Ke7
65. Kf5 Kf7 66. e6+ Ke7 67. Ke5 Ke8 68. Kf6 Kf8 69. e7+ Ke8 70. f4 Kd7 71. Kf7
Kd6 72. e8=Q Kd5 73. Kg7 Kd4 74. f5 Kd3 75. f6 1-0

[Event "AUTO-OPEN-1648"]
[Site "http://www.queenalice.com/game.php?id=631387"]
[Date "2009.8.6"]
[Round "1"]
[White "salso"]
[Black "oscardias"]
[Result "1-0"]
[WhiteElo "1988"]
[BlackElo "1745"]

1. e4 e5 2. Nc3 Bb4 3. d3 Bxc3+ 4. bxc3 d6 5. d4 d5 6. dxe5 dxe4 7. Qxd8+ Kxd8
8. f4 exf3 9. Nxf3 Nc6 10. Bb5 Bd7 11. Bg5+ f6 12. exf6 gxf6 13. Bh4 Nge7 14.
Bxf6 Re8 15. O-O-O a6 16. Bxc6 bxc6 17. Ne5 Kc8 18. Nxd7 Nd5 19. Rxd5 cxd5 20.
Nc5 Re2 21. g3 a5 22. a4 Rf2 23. Bd4 Rf3 24. Re1 Rf8 25. Re7 Kd8 26. Rxh7 c6 27.
Ne6+ 1-0

[Event "AUTO-OPEN-1648"]
[Site "http://www.queenalice.com/game.php?id=631388"]
[Date "2009.8.6"]
[Round "1"]
[White "oscardias"]
[Black "salso"]
[Result "0-1"]
[WhiteElo "1743"]
[BlackElo "1992"]

1. e4 e5 2. Nf3 Nc6 3. Bb5 Nge7 4. Nc3 g6 5. d3 Bg7 6. Bg5 f6 7. Be3 d5 8. O-O
d4 9. Bxc6+ Nxc6 10. Qd2 Bg4 11. Ne1 dxc3 12. Qxc3 Be2 13. Nf3 Bxf1 14. Rxf1 Qd7
15. Bc5 b6 16. Bb4 Nxb4 17. Qxb4 c5 18. Qc4 Ke7 19. b4 cxb4 20. Qxb4+ Qd6 21.
Qd2 Rhc8 22. c4 Rd8 23. Ne1 Rac8 24. g3 Rxc4 25. h4 Rd4 26. f4 Rxe4 27. Rf3 Bh6
28. Qc2 Rxe1+ 0-1

[Event "AUTO-ADV-1543"]
[Site "http://www.queenalice.com/game.php?id=684710"]
[Date "2009.11.17"]
[Round "1"]
[White "ALKI"]
[Black "oscardias"]
[Result "1-0"]
[WhiteElo "2010"]
[BlackElo "1753"]

1. e4 e5 2. Nf3 Nc6 3. Bc4 Bc5 4. Nc3 Nh6 5. O-O O-O 6. d4 exd4 7. Bxh6 gxh6 8.
Nd5 d6 9. Bd3 Bg4 10. Be2 Ne5 11. Nxd4 Bxd4 12. Bxg4 Bxb2 13. Rb1 Nc4 14. Rxb2
Nxb2 15. Qd4 f6 16. Be6+ Kg7 17. Qxb2 c6 18. Nf4 d5 19. e5 f5 20. Bxf5 Rxf5 21.
Ne6+ 1-0

[Event "AUTO-ADV-1543"]
[Site "http://www.queenalice.com/game.php?id=684711"]
[Date "2009.11.17"]
[Round "1"]
[White "oscardias"]
[Black "ALKI"]
[Result "1-0"]
[WhiteElo "1731"]
[BlackElo "2035"]

1. e4 e5 2. Nf3 Nc6 3. Bb5 Bc5 4. Bxc6 bxc6 5. Nxe5 Qg5 6. d4 Qxg2 7. Rf1 Qxe4+
8. Be3 Bd6 9. Nc3 Qf5 10. Rg1 h6 11. Qg4 Qxg4 12. Rxg4 g5 13. O-O-O Nf6 14. Rgg1
Bb7 15. f4 Bxe5 16. dxe5 Nd5 17. Nxd5 cxd5 18. fxg5 hxg5 19. Bxg5 a5 20. Bf6 Rf8
21. h4 d6 22. exd6 cxd6 23. Rde1+ Kd7 24. h5 Rae8 25. h6 Re6 26. Rxe6 fxe6 27.
Bg7 Re8 28. h7 Ba6 29. h8=Q Rxh8 30. Bxh8 a4 31. a3 Kc6 32. Rg6 Kd7 33. Rg4 Bc4
34. Bf6 Kc6 35. Kd2 Kd7 36. Rg7+ Kc6 37. Re7 e5 38. Bxe5 dxe5 39. Rxe5 Kd6 40.
Rg5 Kc5 41. c3 Bb3 42. Rg4 Bc4 43. Rd4 Kb5 44. Ke3 Kc5 45. Rd2 Bb3 46. Rd4 Bc4
47. Kf4 Kd6 48. Kf5 Bb3 49. Rb4 Kc5 50. Ke5 Kc6 51. Kd4 Kd6 52. Rb6+ Kc7 53.
Rxb3 axb3 54. Kxd5 1-0

[Event "AUTO-ADV-1543"]
[Site "http://www.queenalice.com/game.php?id=684727"]
[Date "2009.11.17"]
[Round "1"]
[White "oscardias"]
[Black "deco1232007"]
[Result "0-1"]
[WhiteElo "1739"]
[BlackElo "1686"]

1. e4 c5 2. Bc4 Nc6 3. Nf3 d6 4. Ng5 e6 5. d3 h6 6. Qh5 Qf6 7. Nh3 Ne5 8. O-O g6
9. Qe2 Bg7 10. Bb5+ Bd7 11. a4 a6 12. Bxd7+ Nxd7 13. Bd2 Ne7 14. Bf4 e5 15. Bg3
g5 16. c4 Nc6 17. Nc3 Nd4 18. Qd1 Qg6 19. a5 g4 20. Nd5 Ne6 21. Bh4 gxh3 22. g3
Nf6 23. Bxf6 Bxf6 24. Rb1 h5 25. b4 Bd8 26. bxc5 Nxc5 27. d4 Qxe4 28. f3 Qxd4+
29. Qxd4 exd4 30. Rfe1+ Kf8 31. Nb6 Rb8 32. Nd5 Bxa5 33. Re2 d3 34. Ra2 Bd8 35.
Nf4 Kg7 0-1

[Event "AUTO-ADV-1543"]
[Site "http://www.queenalice.com/game.php?id=684728"]
[Date "2009.11.17"]
[Round "1"]
[White "deco1232007"]
[Black "oscardias"]
[Result "1-0"]
[WhiteElo "1671"]
[BlackElo "1759"]

1. Nf3 Nc6 2. d4 d5 3. Bf4 Bf5 4. g3 Nb4 5. Na3 Nf6 6. c3 Nc6 7. Bg2 h6 8. O-O
g5 9. Be5 Bg7 10. Nc2 Be4 11. Ne3 Bxf3 12. Bxf3 Qd7 13. Bxf6 Bxf6 14. Nxd5 h5
15. Nxf6+ exf6 16. Qa4 a6 17. Rad1 O-O-O 18. e4 g4 19. Bh1 f5 20. e5 h4 21. Qc2
h3 22. f3 f4 23. fxg4 Qxg4 24. Rxf4 Qe6 25. b3 Rhg8 26. Qf5 Qxf5 27. Rxf5 Rd7
28. Rdf1 Nd8 29. d5 Rg6 30. Rf6 Rxf6 31. Rxf6 Rxd5 32. Bxd5 1-0

[Event "AUTO-ADV-1543"]
[Site "http://www.queenalice.com/game.php?id=684729"]
[Date "2009.11.17"]
[Round "1"]
[White "oscardias"]
[Black "thw"]
[Result "0-1"]
[WhiteElo "1753"]
[BlackElo "1779"]

1. e4 e6 2. a3 d5 3. e5 c5 4. Bb5+ Bd7 5. a4 Qc7 6. Nf3 Bxb5 7. axb5 Ne7 8. d4
cxd4 9. Nxd4 Ng6 10. f4 Bc5 11. Be3 O-O 12. O-O Nd7 13. Qg4 Nb6 14. f5 exf5 15.
Qxf5 Qxe5 16. Qxe5 Nxe5 17. c3 Nec4 18. Bf4 Nxb2 19. Nd2 N2c4 20. Nxc4 dxc4 21.
Rfe1 Nd5 22. Re5 Bxd4+ 23. cxd4 Nxf4 24. Rc1 Nd3 0-1

[Event "AUTO-ADV-1543"]
[Site "http://www.queenalice.com/game.php?id=684730"]
[Date "2009.11.17"]
[Round "1"]
[White "thw"]
[Black "oscardias"]
[Result "1-0"]
[WhiteElo "1970"]
[BlackElo "1738"]

1. e4 e5 2. Nf3 Nc6 3. Bb5 Nge7 4. O-O a6 5. Bxc6 Nxc6 6. Nc3 d6 7. d4 f6 8.
dxe5 Nxe5 9. Be3 Bg4 10. h3 Bxf3 11. gxf3 c5 12. Nd5 g5 13. f4 Nc4 14. b3 Nxe3
15. Qh5+ Kd7 16. fxe3 gxf4 17. exf4 Rg8+ 18. Kf2 Bg7 19. Qxh7 Kc6 20. Rfd1 f5
21. Rac1 fxe4 22. Qxe4 Bd4+ 23. Kf3 Kd7 24. c3 Bh8 25. Ne7 Qxe7 26. Qxb7+ Ke8
27. Re1 Be5 28. Qxa8+ Kf7 29. Qd5+ Kf8 30. fxe5 Qf7+ 31. Qxf7+ Kxf7 32. exd6 1-0